Mezinárodní obchodní a diplomatický protokol

Saved in:
Bibliographic Details
Main Author: Gullová, Soňa
Format: Book
Language:Czech
Published: Praha Grada Publishing 2011
Edition:2. přeprac. a dopl. vyd.
Subjects:
Tags: Add Tag
No Tags, Be the first to tag this record!

MARC

LEADER 00000nam a2200000 4500
001 0143401
005 20220909122513.3
020 |a 978-80-247-3777-5 
041 0 |a cze 
044 |a CZ 
245 1 0 |a Mezinárodní obchodní a diplomatický protokol  |c Soňa Gullová 
250 |a 2. přeprac. a dopl. vyd. 
264 1 |a Praha  |b Grada Publishing  |c 2011 
300 |a 253 s. 
610 2 0 |a diplomacia 
610 2 0 |a diplomacia hospodárska 
610 2 0 |a obchod medzinárodný 
610 2 0 |a etiketa 
610 2 0 |a korešpondencia 
100 1 |a Gullová, Soňa